000 00695nam a2200217 4500
005 20240802151430.0
010 _aENG-141157
020 _a9789395422864
_c270.00
035 _aEN-124689
037 _bDBAD
082 _a332.1
_21
100 _aSooriapriya, B.
_969349
245 _aBanking and Financial Services/
_cby B. Sooriapriya; J.Sri Keerthana [and] Vinitha Rajan
250 _a1
260 _aMadurai
_bShanlax Publications
_c2023
270 _a61,66 Vasantha Nagar
_bMadurai
_e625003
_mshanlaxpublications@gmail.com
300 _a160p.
_c22cm(Pbk)
700 _aKeerthana, J.Sri
_969350
700 _aRajan, Vinitha
_969351
942 _2ddc
_cEN
_h332.1
_mSOO
_e1
999 _c204764
_d204764